Statistics for Chinese Inventions

Click here to take the quiz!

General Stats

  • This quiz has been taken 31,461 times
  • The average score is 13 of 20

Answer Stats

ClueInvention% Correct
Writing materialPaper
92%
Luxury fabricSilk
90%
The Chinese version pointed southCompass
87%
PyrotechnicsFireworks
84%
Eating utensilsChopsticks
82%
Explosive bomb for throwingHand grenade
80%
Saltpeter-based explosive substanceGunpowder
76%
Cooking vessel used for stir-fryWok
74%
Ceramic material named
after the country
China (porcelain)
73%
Poker necessityPlaying cards
69%
Centuries before Gutenberg ...Printing
69%
Fragrant burning materialIncense
67%
Popular game with 144 tilesMahjong
61%
Foot straps for horse-ridersStirrup
57%
Pressed soybean curdTofu
56%
Flying toyKite
53%
Varieties include Oolong and LongjingTea
51%
Domesticated carpGoldfish
46%
What Marco Polo supposedly
brought back to Italy
Noodles
43%
Bidet alternativeToilet paper
24%

Score Distribution

Percentile by Number Answered

Percent of People with Each Score

Your Score History

You have not taken this quiz